The Oxford handbook of the history of nationalism. - Oxford
| Titel: | The Oxford handbook of the history of nationalism. - Oxford : Oxford Univ. Press. - 2013 [Rezension] |
|---|---|
| Verfasser: | |
| In: |
Nations and nationalism, Band 20, Heft 3 (2014), Seite 584-585 alle Artikel anzeigen |
| Veröffentlicht: | 2014 |
| Format: | Aufsatz |
| Sprache: | Englisch |
X
alg: 39514320 001A $01999:12-11-16 001B $01999:10-07-24 $t22:32:32.000 001D $01999:12-11-16 001U $0utf8 001X $00 002@ $0Oox 003@ $0395143209 007A $0395143209 $aHEB 007T $0Herdc0108723m 009Q $uhttp://onlinelibrary.wiley.com/doi/10.1111/nana.12079/ $xVolltext 010@ $aeng 011@ $a2014 013D $#Newspapers Sections, columns, etc. Reviews $#Book reviewing $#Journaux Cahiers, chroniques, etc. Comptes rendus $#Livres Recension $#Rezension $#Buchbesprechung $#Buchrezension $#Buchkritik $74049712-4 $8Rezension [Ts1] $9085138568 021A $aThe @Oxford handbook of the history of nationalism. - Oxford $dOxford Univ. Press. - 2013 [Rezension] 028A $aThaler $dPeter 031A $d20 $e3 $h584-585 $j2014 039B $aIn $8--Obvc--. Nations and nationalism. - Oxford : Wiley-Blackwell, 1995-. - Online-Ressource. - ISSN 1469-8129. - DOI 10.1111/(ISSN)1469-8129 $x201400000200003416 $9084522844 039T $8--Aau--. The @Oxford handbook of the history of nationalism. - 1. ed.. - Oxford : Oxford Univ. Press, 2013. - XXX, 775 S.. - Kt.. - ISBN 0-19-920919-7 $9322876974 lok: 39514320 78 exp: 39514320 78 1 #EPN 201B/01 $018-11-16 $t13:52:32.000 201U/01 $0utf8 203@/01 $0791441911 208@/01 $a12-11-16 $be 209A/01 $a/ $f000 $x00 220C/01 $aTitelaufnehmer: pg 220C/01 $aHerkunft: HI Marburg 244Z/01 $2Trx $#arvustused $#recenzijos $#Reviews $#recenziók $#recenzje $#recenzie $#recenze $8--Trx--Rezensionen $x01 $9391357441 244Z/01 $2Trx $8--Trx--elektronische Ressource $x02 $939138452X 247C/01 $82080>Marburg/Lahn, Herder-Institut, Forschungsbibliothek, Bibliographieportal $9336309341
| LEADER | 00000caa a22000002c 4500 | ||
|---|---|---|---|
| 001 | 395143209 | ||
| 003 | DE-603 | ||
| 005 | 20240710223232.0 | ||
| 007 | cr|||||||||||| | ||
| 008 | 161112s2014 xx |||| o| u00||u|eng c | ||
| 035 | |a (DE-599)HEB395143209 | ||
| 040 | |a DE-603 |b ger |c DE-603 |d DE-603 | ||
| 041 | |a eng | ||
| 100 | 1 | |a Thaler, Peter | |
| 245 | 0 | 0 | |a The Oxford handbook of the history of nationalism. - Oxford |b Oxford Univ. Press. - 2013 [Rezension] |
| 264 | 0 | |c 2014 | |
| 655 | 7 | |a Rezension |2 gnd-content |0 (DE-588)4049712-4 |0 (DE-603)085138568 | |
| 773 | 0 | 8 | |i In |t Nations and nationalism |d Oxford : Wiley-Blackwell, 1995- |h Online-Ressource |o 10.1111/(ISSN)1469-8129 |x 1469-8129 |g Band 20, Heft 3 (2014), Seite 584-585 |w (DE-603)084522844 |w (DE-600)1500007-2 |
| 787 | 0 | 8 | |i Rezension von |t The Oxford handbook of the history of nationalism |b 1. ed. |d Oxford : Oxford Univ. Press, 2013 |h XXX, 775 S., Kt. |z 0199209197 |z 9780199209194 |w (DE-603)322876974 |
| 856 | |u http://onlinelibrary.wiley.com/doi/10.1111/nana.12079/ | ||
| 924 | 1 | |9 2080 |a (DE-603)791441911 |b DE-2080 |c HES |d d |g / | |


